00341nam a22001217a 450000500170000000800410001704100130005808200150007110000230008624500580010930000260016765000260019320231102065354.0231102b |||||||| |||| 00| 0 eng d aEnglish  a346.7 CRE  aGrove, NlEnglish  aCredit Agreements, Seminars 1993 (2) (b) / cN Grove  b63 pages ; c31 cm.  aLegal practice bLaw